000 00966nam a2200253 i 4500
001 175921
003 ES-MaACL
005 20250702063128.0
007 t|
008 101201s2010 sp a ||||1| spa d
080 _a821.111(417)-4"18"
080 _a821.111(417)-92"18"
100 1 _aWilde, Oscar,
_d1854-1900
_9241147
245 1 3 _aEl alma del hombre bajo el socialismo y notas periodísticas /
_cOscar Wilde ; [traducción de Ricardo Baeza y Julio Gómez de la Serna, revisada por José Manuel Estévez Saá].
260 _a[Madrid] :
_bDiario Público,
_cD. L. 2010.
300 _a207 p. :
_b1 retr. del aut. ;
_c18 cm.
490 1 _aBiblioteca pensamiento crítico
700 1 _aBaeza, Ricardo,
_d1890-1956
_924620
700 1 _aGómez de la Serna, Julio,
_d1895-1983
_957899
700 1 _aEstévez Saá, José Manuel.
_9144133
830 0 _aBiblioteca pensamiento crítico
_9189844
852 _aES-MaACL
_jE-13734
999 _c175921
_d175921